000 00297nam a22001337a 4500
008 170914b xxu||||| |||| 00| 0 eng d
020 _a9780810925533
041 _aeng
080 _a77
100 _a44
101 _aART
245 _aHOW TO LOOK AT PHOTOGRAPHS
_cFINN.D
942 _2udc
_cBK
999 _c27587
_d27587